000 00525nam a22001697a 4500
005 20260303121035.0
008 260303b |||||||| |||| 00| 0 eng d
022 _a978-9966-57-570-8
100 _aSIRENGO, WILSON
245 _aSPORTLIGHT COMMUNITY SERVICE LEARNING: LEARNERS BOOK, GRADE 10
260 _aNAIROBI
_bSPORTLIGHT PUBLISHERS
_c2025
300 _aIII,140P.
500 _aINCLUDES AN INDEX
650 _aSERVICE LEARNING -TEXTBOOKS
700 _aMONARI EVANS, ODIPO BETHWEL , OUMA FREDRICK
942 _2lcc
_cBK
999 _c216758
_d216758